[Event "SWE-chT 0809"]
[Site "Sweden"]
[Date "2009.03.14"]
[Round "10"]
[White "Norberg, Johan"]
[Black "Schneider, Lars Ake"]
[Result "1/2-1/2"]
[WhiteElo "2364"]
[BlackElo "2338"]
[PlyCount "21"]
[EventDate "2008.10.25"]
[EventType "team-tourn"]
[EventRounds "11"]
[EventCountry "SWE"]
[SourceTitle "EXT 2011"]
[Source "ChessBase"]
[SourceDate "2010.11.26"]
[SourceVersion "1"]
[SourceVersionDate "2010.11.26"]
[SourceQuality "1"]

1. e4 c5 2. Nc3 Nc6 3. g3 g6 4. Bg2 Bg7 5. d3 d6 6. Nge2 e5 7. Nd5 Nge7 8. Nec3 Nxd5 9. Nxd5 0-0 10. 0-0 Be6 11. c3 1/2-1/2

[Event "SWE-chT 0708"]
[Site "Sweden"]
[Date "2008.02.02"]
[Round "7"]
[White "Jepson, Christian"]
[Black "Schneider, Lars Ake"]
[Result "1/2-1/2"]
[WhiteElo "2438"]
[BlackElo "2336"]
[PlyCount "83"]
[EventDate "2007.10.19"]
[EventType "team"]
[EventRounds "11"]
[EventCountry "SWE"]
[SourceTitle "EXT 2009"]
[Source "ChessBase"]
[SourceDate "2008.11.26"]
[SourceVersion "1"]
[SourceVersionDate "2008.11.26"]
[SourceQuality "1"]
[WhiteTeam "Limhamn"]
[BlackTeam "Manhem"]
[WhiteTeamCountry "SWE"]
[BlackTeamCountry "SWE"]

1. d4 Nf6 2. c4 e6 3. g3 d5 4. Bg2 dxc4 5. Nf3 Nbd7 6. 0-0 c5 7. Na3 Nb6 8. Nxc4 Nxc4 9. Qa4+ Bd7 10. Qxc4 Qb6 11. dxc5 Bxc5 12. b4 Qxb4 13. Qxb4 Bxb4 14. Rb1 a5 15. Ne5 0-0 16. a3 Bc5 17. Nxd7 Nxd7 18. Rxb7 Ra7 19. Rxa7 Bxa7 20. Bd2 Bc5 21. a4 Nb6 22. Bxa5 Nxa4 23. Ra1 Nb6 24. Rc1 Nd7 25. Bc6 Rc8 26. Bxd7 Bxf2+ 27. Kxf2 Rxc1 28. Be1 h6 29. Bb5 Rb1 30. Bd3 Ra1 31. h4 Rc1 32. Bd2 Rd1 33. Bf4 Ra1 34. Be3 Ra3 35. Bd2 Ra2 36. Be3 Ra3 37. Bc5 Rc3 38. Bb4 Rb3 39. Bd6 Rb6 40. Bc5 Rc6 41. Be3 Rc3 42. Bd2 1/2-1/2

[Event "SWE-chT 0607"]
[Site "Sweden"]
[Date "2007.03.16"]
[Round "9"]
[White "Norberg, Erik"]
[Black "Schneider, Lars Ake"]
[Result "1-0"]
[WhiteElo "2262"]
[BlackElo "2338"]
[PlyCount "67"]
[EventDate "2006.10.20"]
[EventType "team"]
[EventRounds "11"]
[EventCountry "SWE"]
[SourceTitle "EXT 2009"]
[Source "ChessBase"]
[SourceDate "2008.11.26"]
[SourceVersion "1"]
[SourceVersionDate "2008.11.26"]
[SourceQuality "1"]
[WhiteTeam "Vasteras"]
[BlackTeam "Manhem"]
[WhiteTeamCountry "SWE"]
[BlackTeamCountry "SWE"]

1. g3 c5 2. Bg2 Nc6 3. c4 g6 4. Nc3 Bg7 5. d3 d6 6. e4 e6 7. Nge2 Nge7 8. 0-0 0-0 9. Be3 Nd4 10. Qd2 Nec6 11. Bh6 Bxh6 12. Qxh6 Qf6 13. Rab1 Bd7 14. Qe3 Rab8 15. f4 Qg7 16. a3 Nxe2+ 17. Nxe2 b5 18. cxb5 Rxb5 19. Nc3 Rb6 20. e5 dxe5 21. Qxc5 exf4 22. Rxf4 Ne5 23. Qe3 Bc6 24. Bxc6 Nxc6 25. Ne4 f5 26. Nc5 e5 27. Rf2 Rfb8 28. Na4 Rb3 29. Qc5 Nd4 30. Re1 R3b5 31. Qd6 h5 32. Nc3 Rxb2 33. Rxe5 Nc6 34. Re6 1-0

[Event "SWE-chT 0607"]
[Site "Sweden"]
[Date "2007.01.20"]
[Round "6"]
[White "Holst, Conny"]
[Black "Schneider, Lars Ake"]
[Result "1/2-1/2"]
[WhiteElo "2241"]
[BlackElo "2338"]
[PlyCount "49"]
[EventDate "2006.10.20"]
[EventType "team"]
[EventRounds "11"]
[EventCountry "SWE"]
[SourceTitle "EXT 2009"]
[Source "ChessBase"]
[SourceDate "2008.11.26"]
[SourceVersion "1"]
[SourceVersionDate "2008.11.26"]
[SourceQuality "1"]
[WhiteTeam "Limhamn"]
[BlackTeam "Manhem"]
[WhiteTeamCountry "SWE"]
[BlackTeamCountry "SWE"]

1. d4 Nf6 2. c4 e6 3. Nc3 Bb4 4. e3 c5 5. Bd3 0-0 6. Nge2 d5 7. cxd5 exd5 8. 0-0 Nc6 9. a3 cxd4 10. exd4 Bd6 11. Bf4 h6 12. Qd2 Be6 13. Rad1 Bxf4 14. Qxf4 Rc8 15. h3 Na5 16. Qh4 Nc4 17. Bxc4 Rxc4 18. Rfe1 Qb6 19. Rd2 Rfc8 20. Qf4 Qc6 21. Ng3 b5 22. Nf5 Bxf5 23. Qxf5 a5 24. Re5 Rd8 25. Qd3 1/2-1/2

[Event "SWE-chT 0607"]
[Site "Sweden"]
[Date "2006.10.22"]
[Round "3"]
[White "Karlsson, Lars"]
[Black "Schneider, Lars Ake"]
[Result "1-0"]
[WhiteElo "2531"]
[BlackElo "2338"]
[PlyCount "85"]
[EventDate "2006.10.20"]
[EventType "team"]
[EventRounds "11"]
[EventCountry "SWE"]
[SourceTitle "EXT 2009"]
[Source "ChessBase"]
[SourceDate "2008.11.26"]
[SourceVersion "1"]
[SourceVersionDate "2008.11.26"]
[SourceQuality "1"]
[WhiteTeam "Stockholm Rockaden"]
[BlackTeam "Manhem"]
[WhiteTeamCountry "SWE"]
[BlackTeamCountry "SWE"]

1. c4 c5 2. g3 Nc6 3. Bg2 Nf6 4. Nc3 e6 5. d3 d5 6. Bg5 d4 7. Ne4 Qa5+ 8. Bd2 Qd8 9. Nxf6+ Qxf6 10. Nf3 Bd6 11. 0-0 0-0 12. Ng5 Qd8 13. e4 f6 14. Nh3 e5 15. f4 Bd7 16. f5 a6 17. g4 h6 18. Nf2 Kf7 19. h4 Rh8 20. Bf3 Ke7 21. Kg2 Be8 22. g5 Kd7 23. gxh6 gxh6 24. Kh3 Bf7 25. Bh5 Qe8 26. Ng4 Be7 27. Bxf7 Qxf7 28. Nxh6 Qf8 29. Qh5 Rh7 30. Rg1 Qh8 31. Rg6 Bf8 32. Rxf6 Qxf6 33. Ng4 Qxh4+ 34. Kxh4 Rxh5+ 35. Kxh5 Be7 36. Bh6 Bf8 37. Rg1 Bxh6 38. Nxh6 Nb4 39. Rg3 Nxa2 40. Rg7+ Kc6 41. f6 Rf8 42. f7 Nb4 43. Rg8 1-0

[Event "SWE-chT 0506"]
[Site "Sweden"]
[Date "2006.??.??"]
[Round "8"]
[White "Schneider, Lars Ake"]
[Black "Svensson, Bengt"]
[Result "0-1"]
[WhiteElo "2356"]
[BlackElo "2463"]
[PlyCount "48"]
[EventDate "2005.10.??"]
[EventType "team"]
[EventRounds "11"]
[EventCountry "SWE"]
[SourceTitle "EXT 2008"]
[Source "ChessBase"]
[SourceDate "2007.11.25"]
[SourceVersion "1"]
[SourceVersionDate "2007.11.25"]
[SourceQuality "1"]
[WhiteTeam "Manhem"]
[BlackTeam "Kamraterna"]
[WhiteTeamCountry "SWE"]
[BlackTeamCountry "SWE"]

1. Nf3 c5 2. c4 Nf6 3. g3 d5 4. cxd5 Nxd5 5. Bg2 Nc6 6. Nc3 e6 7. 0-0 Be7 8. d4 0-0 9. Nxd5 exd5 10. dxc5 Bxc5 11. Bg5 Qd7 12. Qc2 Bb6 13. Rad1 h6 14. Bd2 Qg4 15. Qd3 Rd8 16. Be3 d4 17. Bf4 Bf5 18. Qd2 Qh5 19. Qc1 Rac8 20. Qa1 d3 21. exd3 Bg4 22. Nd2 Bxd1 23. Qxd1 Qxd1 24. Rxd1 g5 0-1

[Event "SWE-chT 0506"]
[Site "Sweden"]
[Date "2005.??.??"]
[Round "5"]
[White "Eklund, Lars Goran"]
[Black "Schneider, Lars Ake"]
[Result "1/2-1/2"]
[WhiteElo "2317"]
[BlackElo "2359"]
[PlyCount "43"]
[EventDate "2005.10.??"]
[EventType "team"]
[EventRounds "11"]
[EventCountry "SWE"]
[SourceTitle "EXT 2008"]
[Source "ChessBase"]
[SourceDate "2007.11.25"]
[SourceVersion "1"]
[SourceVersionDate "2007.11.25"]
[SourceQuality "1"]
[WhiteTeam "Skara"]
[BlackTeam "Manhem"]
[WhiteTeamCountry "SWE"]
[BlackTeamCountry "SWE"]

1. Nf3 c5 2. c4 Nc6 3. d4 cxd4 4. Nxd4 e6 5. a3 Nf6 6. Nc3 Bc5 7. e3 0-0 8. Be2 d5 9. cxd5 exd5 10. b4 Bb6 11. Nxc6 bxc6 12. Bb2 Qd6 13. Na4 Bc7 14. Bd4 Re8 15. f4 Ne4 16. 0-0 a5 17. Nc5 Bf5 18. Bg4 Qg6 19. Bh5 Qh6 20. Bg4 Qg6 21. Bh5 Qh6 22. Bg4 1/2-1/2

[Event "SWE-chT 0304"]
[Site "Sweden"]
[Date "2004.??.??"]
[Round "10"]
[White "Schneider, Lars Ake"]
[Black "Steneskog, Per"]
[Result "1-0"]
[WhiteElo "2363"]
[BlackElo "2227"]
[PlyCount "99"]
[EventDate "2003.10.??"]
[EventType "team"]
[EventRounds "11"]
[EventCountry "SWE"]
[SourceTitle "EXT 2005"]
[Source "ChessBase"]
[SourceDate "2004.11.15"]
[SourceVersion "1"]
[SourceVersionDate "2004.11.15"]
[SourceQuality "1"]
[WhiteTeam "Manhem"]
[BlackTeam "Solna"]
[WhiteTeamCountry "SWE"]
[BlackTeamCountry "SWE"]

1. Nf3 d5 2. g3 c5 3. Bg2 Nc6 4. d4 e6 5. 0-0 Nf6 6. c4 Be7 7. cxd5 exd5 8. dxc5 Bxc5 9. Bg5 d4 10. Nbd2 0-0 11. Rc1 Be7 12. Nb3 Be6 13. Nfxd4 Nxd4 14. Qxd4 Qxd4 15. Nxd4 Bxa2 16. Rc7 Bd6 17. Rxb7 Rab8 18. Rxa7 Bc4 19. Ra4 Bb5 20. Nxb5 Rxb5 21. Bxf6 gxf6 22. Rb1 Rfb8 23. Ra8 Rxa8 24. Bxa8 f5 25. e3 Kg7 26. Bc6 Rc5 27. Bf3 Kf6 28. Kf1 Rb5 29. Be2 Rb8 30. Bc4 Rb7 31. b3 Ra7 32. Rd1 Be5 33. Rd5 Rc7 34. Ke2 Ra7 35. Rb5 Ra2+ 36. Kf3 Ra7 37. Rb6+ Kg7 38. b4 Rd7 39. b5 h5 40. h4 Bd6 41. Rc6 Kf6 42. b6 Ke5 43. Ba6 Rd8 44. b7 Rb8 45. Ke2 Kd5 46. Rc8 Ke6 47. f4 Kd7 48. Bb5+ Ke7 49. Bc6 Kf6 50. Kd3 1-0

[Event "SWE-chT 0203"]
[Site "Sweden"]
[Date "2003.01.18"]
[Round "6"]
[White "Aagaard, Jacob"]
[Black "Schneider, Lars Ake"]
[Result "1-0"]
[WhiteElo "2452"]
[BlackElo "2385"]
[PlyCount "85"]
[EventDate "2002.10.11"]
[EventType "team"]
[EventRounds "11"]
[EventCountry "SWE"]
[SourceTitle "EXT 2004"]
[Source "ChessBase"]
[SourceDate "2003.11.25"]
[SourceVersion "1"]
[SourceVersionDate "2003.11.25"]
[SourceQuality "1"]
[WhiteTeam "Limhamn"]
[BlackTeam "Manhem"]
[WhiteTeamCountry "SWE"]
[BlackTeamCountry "SWE"]

1. e4 c5 2. Nf3 Nc6 3. d4 cxd4 4. Nxd4 Nf6 5. Nc3 d6 6. Bg5 e6 7. Qd2 a6 8. 0-0-0 Bd7 9. f4 Be7 10. Nf3 b5 11. Bxf6 gxf6 12. f5 Qb6 13. g3 0-0-0 14. Bh3 Kb8 15. fxe6 fxe6 16. Ne2 Ne5 17. Nfd4 Nc4 18. Qd3 e5 19. Bxd7 Rxd7 20. Nf5 Rc8 21. Kb1 Qc5 22. Rhf1 Bf8 23. Rf3 d5 24. exd5 Rcd8 25. Nc3 Qb4 26. b3 Rc8 27. Ka1 Na3 28. d6 e4 29. Qxe4 Qxe4 30. Nxe4 Rxc2 31. Rf2 Rc6 32. Nxf6 Rdxd6 33. Nxd6 Bxd6 34. Re2 Bb4 35. Nd5 Rd6 36. Re8+ Kb7 37. Re7+ Kb8 38. Nxb4 Rxd1+ 39. Kb2 Nb1 40. Nxa6+ Kc8 41. Rxh7 Rh1 42. Rc7+ Kd8 43. Rc2 1-0

[Event "SWE-chT 0203"]
[Site "Sweden"]
[Date "2002.12.07"]
[Round "5"]
[White "Schneider, Lars Ake"]
[Black "Djurhuus, Rune"]
[Result "0-1"]
[WhiteElo "2385"]
[BlackElo "2480"]
[PlyCount "52"]
[EventDate "2002.10.11"]
[EventType "team"]
[EventRounds "11"]
[EventCountry "SWE"]
[SourceTitle "EXT 2004"]
[Source "ChessBase"]
[SourceDate "2003.11.25"]
[SourceVersion "1"]
[SourceVersionDate "2003.11.25"]
[SourceQuality "1"]
[WhiteTeam "Manhem"]
[BlackTeam "Skara"]
[WhiteTeamCountry "SWE"]
[BlackTeamCountry "SWE"]

1. e4 c5 2. Nf3 d6 3. d4 cxd4 4. Nxd4 Nf6 5. Nc3 g6 6. Be3 Bg7 7. f3 0-0 8. Qd2 Nc6 9. 0-0-0 Bd7 10. Kb1 Rc8 11. h4 Ne5 12. Bh6 Bxh6 13. Qxh6 Rxc3 14. bxc3 Qc7 15. Qd2 d5 16. Bd3 Rc8 17. h5 dxe4 18. fxe4 Nxh5 19. Rxh5 gxh5 20. Qg5+ Ng6 21. Nf5 Qb6+ 22. Kc1 Qc5 23. Qxh5 Qxc3 24. Rh1 Bxf5 25. Qxh7+ Kf8 26. Qh6+ Ke8 0-1

[Event "SWE-chT 0203"]
[Site "Sweden"]
[Date "2002.10.11"]
[Round "1"]
[White "Schneider, Lars Ake"]
[Black "Wedberg, Tom"]
[Result "1/2-1/2"]
[WhiteElo "2385"]
[BlackElo "2540"]
[PlyCount "53"]
[EventDate "2002.10.11"]
[EventType "team"]
[EventRounds "11"]
[EventCountry "SWE"]
[SourceTitle "EXT 2004"]
[Source "ChessBase"]
[SourceDate "2003.11.25"]
[SourceVersion "1"]
[SourceVersionDate "2003.11.25"]
[SourceQuality "1"]
[WhiteTeam "Manhem"]
[BlackTeam "Wasa"]
[WhiteTeamCountry "SWE"]
[BlackTeamCountry "SWE"]

1. Nf3 Nf6 2. g3 c5 3. Bg2 Nc6 4. 0-0 d5 5. c4 e5 6. cxd5 Nxd5 7. Nc3 Nc7 8. d3 Be7 9. Nd2 Bd7 10. Nc4 f6 11. f4 b5 12. Ne3 Rc8 13. Ned5 Nxd5 14. Nxd5 0-0 15. e4 Be6 16. Be3 Bxd5 17. exd5 Nb4 18. Qb3 c4 19. dxc4 bxc4 20. Qa4 exf4 21. Rxf4 Bd6 22. Re4 Nxd5 23. Bxa7 Nb6 24. Qb5 Bc5+ 25. Kh1 Kh8 26. Re6 Qd7 27. Qxd7 1/2-1/2

[Event "SWE-chT 0102"]
[Site "Sweden"]
[Date "2002.03.16"]
[Round "10"]
[White "Ornstein, Axel"]
[Black "Schneider, Lars Ake"]
[Result "1/2-1/2"]
[WhiteElo "2459"]
[BlackElo "2389"]
[PlyCount "34"]
[EventDate "2001.10.12"]
[EventType "team"]
[EventRounds "11"]
[EventCountry "SWE"]
[SourceTitle "EXT 2003"]
[Source "ChessBase"]
[SourceDate "2002.11.25"]
[SourceVersion "1"]
[SourceVersionDate "2002.11.25"]
[SourceQuality "1"]
[WhiteTeam "Sodra"]
[BlackTeam "Manhem"]
[WhiteTeamCountry "SWE"]
[BlackTeamCountry "SWE"]

1. d4 Nf6 2. c4 e6 3. g3 d5 4. Bg2 dxc4 5. Qa4+ Nbd7 6. Qxc4 a6 7. Qc2 c5 8. Nf3 b5 9. Ne5 Nd5 10. Bxd5 exd5 11. Nxd7 Qxd7 12. dxc5 Qc6 13. b4 a5 14. Nd2 axb4 15. Bb2 Qxc5 16. Qxc5 Bxc5 17. Bxg7 Rg8 1/2-1/2

[Event "SWE-chT 0102"]
[Site "Sweden"]
[Date "2002.03.02"]
[Round "8"]
[White "Schneider, Lars Ake"]
[Black "Borvander, Tom"]
[Result "1/2-1/2"]
[WhiteElo "2389"]
[BlackElo "2224"]
[PlyCount "126"]
[EventDate "2001.10.12"]
[EventType "team"]
[EventRounds "11"]
[EventCountry "SWE"]
[SourceTitle "EXT 2003"]
[Source "ChessBase"]
[SourceDate "2002.11.25"]
[SourceVersion "1"]
[SourceVersionDate "2002.11.25"]
[SourceQuality "1"]
[WhiteTeam "Manhem"]
[BlackTeam "Kamraterna"]
[WhiteTeamCountry "SWE"]
[BlackTeamCountry "SWE"]

1. d4 Nf6 2. c4 e6 3. Nc3 Bb4 4. Nf3 c5 5. g3 cxd4 6. Nxd4 Nc6 7. Bg2 0-0 8. 0-0 a6 9. e4 d6 10. Nde2 Ne5 11. Qb3 Bc5 12. Nd1 b5 13. cxb5 axb5 14. Be3 Qa5 15. Bxc5 dxc5 16. Ne3 Bb7 17. Qc2 c4 18. Rfd1 Qb6 19. Nf4 Rfd8 20. b3 cxb3 21. axb3 Rxa1 22. Rxa1 h6 23. h3 Rc8 24. Qb2 Qc7 25. Qb1 Qc3 26. Ne2 Qb4 27. Nc2 Qd2 28. Ncd4 Rd8 29. Ra7 Ba8 30. Ra2 Qb4 31. Nc2 Qc5 32. b4 Qc4 33. Ne3 Qd3 34. Qxd3 Nxd3 35. Rd2 Nxe4 36. Bxe4 Bxe4 37. Nf4 e5 38. Nfd5 Kf8 39. Nc3 Bg6 40. Nxb5 Rb8 41. Nc3 Rxb4 42. Ra2 Kg8 43. Ned5 Rb2 44. Rxb2 Nxb2 45. Ne7+ Kh7 46. Nxg6 Kxg6 47. Kg2 Nd3 48. Kf3 Nc5 49. Ke3 Kf5 50. Ne2 Ke6 51. Nc3 f5 52. h4 g6 53. f3 Nd7 54. Kd3 Nf6 55. Ne2 Nh5 56. Kc4 f4 57. g4 Ng3 58. Ng1 Kd6 59. Nh3 Nf1 60. Kd3 Kd5 61. Nf2 Ng3 62. Nh3 Nh1 63. Ng1 h5 1/2-1/2

[Event "SWE-chT 9900"]
[Site "Sweden"]
[Date "2000.??.??"]
[Round "9"]
[White "Schneider, Lars Ake"]
[Black "Yakovich, Yuri"]
[Result "1/2-1/2"]
[WhiteElo "2385"]
[BlackElo "2592"]
[PlyCount "55"]
[EventDate "1999.11.??"]
[EventType "team"]
[EventRounds "11"]
[EventCountry "SWE"]
[SourceTitle "EXT 2002"]
[Source "ChessBase"]
[SourceDate "2001.11.25"]
[SourceVersion "1"]
[SourceVersionDate "2001.11.25"]
[SourceQuality "1"]

1. e4 c5 2. Nf3 Nc6 3. Bb5 g6 4. 0-0 Bg7 5. c3 Nf6 6. Re1 0-0 7. d4 d5 8. exd5 Qxd5 9. c4 Qd6 10. d5 Na5 11. Qa4 b6 12. Nc3 Bb7 13. Ne5 Nxd5 14. cxd5 Bxe5 15. Bh6 Rfd8 16. Rad1 a6 17. Bf1 c4 18. h3 Bxc3 19. bxc3 Bxd5 20. Qc2 b5 21. Qd2 Nc6 22. Qg5 Qd7 23. Be2 Qf5 24. Qh4 Qf6 25. Qg3 Be4 26. Rc1 Rac8 27. Bxc4 bxc4 28. Rxe4 1/2-1/2

[Event "SWE-chT 9899"]
[Site "Sweden"]
[Date "1999.??.??"]
[Round "9"]
[White "Schneider, Lars Ake"]
[Black "Cramling, Pia"]
[Result "1/2-1/2"]
[WhiteElo "2386"]
[BlackElo "2535"]
[PlyCount "27"]
[EventDate "1998.??.??"]
[EventType "team"]
[EventRounds "11"]
[EventCountry "SWE"]
[SourceTitle "EXT 2000"]
[Source "ChessBase"]
[SourceDate "1999.11.16"]
[SourceVersion "1"]
[SourceVersionDate "1999.11.16"]
[SourceQuality "1"]

1. Nf3 Nf6 2. c4 g6 3. b4 Bg7 4. Bb2 0-0 5. g3 c6 6. Bg2 a5 7. b5 cxb5 8. cxb5 a4 9. 0-0 d6 10. d3 Nbd7 11. Na3 Nc5 12. Qd2 Be6 13. Ng5 Bf5 14. e4 1/2-1/2

[Event "SWE-chT 9899"]
[Site "Sweden"]
[Date "1999.??.??"]
[Round "11"]
[White "Schneider, Lars Ake"]
[Black "Degerman, Lars"]
[Result "1/2-1/2"]
[WhiteElo "2386"]
[BlackElo "2490"]
[PlyCount "21"]
[EventDate "1998.??.??"]
[EventType "team"]
[EventRounds "11"]
[EventCountry "SWE"]
[SourceTitle "EXT 2000"]
[Source "ChessBase"]
[SourceDate "1999.11.16"]
[SourceVersion "1"]
[SourceVersionDate "1999.11.16"]
[SourceQuality "1"]

1. Nf3 d5 2. g3 c6 3. b3 Bg4 4. Bg2 Nd7 5. Bb2 Ngf6 6. d3 Qb8 7. Nbd2 e5 8. 0-0 Bc5 9. e4 0-0 10. h3 Bh5 11. c4 1/2-1/2

[Event "Gothenburg-ch"]
[Site "Gothenburg"]
[Date "1998.04.19"]
[Round "9"]
[White "Schneider, Lars Ake"]
[Black "Arnelind, Mikael"]
[Result "1-0"]
[WhiteElo "2380"]
[BlackElo "2320"]
[PlyCount "157"]
[EventDate "1998.02.??"]
[EventType "tourn"]
[EventRounds "9"]
[EventCountry "SWE"]
[EventCategory "3"]
[SourceTitle "EXT 2006"]
[Source "ChessBase"]
[SourceDate "2005.11.24"]
[SourceVersion "1"]
[SourceVersionDate "2005.11.24"]
[SourceQuality "1"]

1. Nf3 Nf6 2. c4 g6 3. b3 Bg7 4. Bb2 0-0 5. g3 c6 6. Bg2 d5 7. 0-0 a5 8. Qc2 Na6 9. a3 Qb6 10. d3 Rd8 11. Nbd2 Bd7 12. Rac1 Rac8 13. Bd4 Qc7 14. Qb2 dxc4 15. Be5 Ne8 16. Bxc7 Bxb2 17. Bxd8 Bxc1 18. Rxc1 Rxd8 19. Nxc4 a4 20. bxa4 Nd6 21. Nxd6 exd6 22. Rb1 Bc8 23. Nd2 d5 24. d4 Nc7 25. e3 Ne8 26. Bf1 Nd6 27. a5 Bd7 28. Rb6 Ra8 29. a6 bxa6 30. Bxa6 Kf8 31. Nb3 Ke7 32. a4 Kd8 33. Nc5 Kc7 34. Rb2 Bc8 35. Bxc8 Kxc8 36. Kf1 Ne4 37. Nxe4 dxe4 38. Rb4 Kc7 39. f3 f5 40. Kf2 exf3 41. Kxf3 Ra7 42. h3 Kd6 43. Rc4 Ra5 44. Kf4 Ra8 45. Rb4 Ra7 46. h4 c5 47. dxc5+ Kxc5 48. Rd4 Re7 49. a5 Kb5 50. Rd5+ Ka6 51. Re5 Rc7 52. h5 Rc4+ 53. Kf3 g5 54. Rxf5 g4+ 55. Kg2 Rc2+ 56. Rf2 Rc5 57. Rf4 Rxh5 58. Rxg4 Rxa5 59. Rb4 Re5 60. Kf3 Rf5+ 61. Kg4 Rf7 62. e4 Rg7+ 63. Kf4 Ka5 64. Rb3 Ka4 65. Rb1 Rf7+ 66. Ke5 Rg7 67. Kf6 Rxg3 68. e5 Rf3+ 69. Ke7 h5 70. Rh1 Kb5 71. Rxh5 Kc6 72. e6 Re3 73. Rh1 Re2 74. Rc1+ Kb7 75. Kd7 Rd2+ 76. Ke8 Re2 77. e7 Kb6 78. Rf1 Kc7 79. Kf8 1-0

[Event "Gothenburg-ch"]
[Site "Gothenburg"]
[Date "1998.02.21"]
[Round "2"]
[White "Schneider, Lars Ake"]
[Black "Jagerflod, Kent"]
[Result "1/2-1/2"]
[WhiteElo "2380"]
[BlackElo "2320"]
[PlyCount "81"]
[EventDate "1998.02.??"]
[EventType "tourn"]
[EventRounds "9"]
[EventCountry "SWE"]
[EventCategory "3"]
[SourceTitle "EXT 2006"]
[Source "ChessBase"]
[SourceDate "2005.11.24"]
[SourceVersion "1"]
[SourceVersionDate "2005.11.24"]
[SourceQuality "1"]

1. c4 Nf6 2. Nf3 g6 3. b4 a5 4. b5 Bg7 5. Bb2 d6 6. g3 e5 7. Bg2 0-0 8. 0-0 Re8 9. Nc3 Nbd7 10. d3 Nc5 11. Nd2 Ne6 12. Nd5 Ng5 13. Nxf6+ Bxf6 14. Ne4 Nh3+ 15. Kh1 Bg7 16. Qd2 h5 17. e3 h4 18. f4 Bg4 19. Nf2 Nxf2+ 20. Qxf2 hxg3 21. hxg3 exf4 22. Bxg7 Kxg7 23. Qxf4 Rh8+ 24. Kg1 Qd7 25. Qf6+ Kg8 26. Bd5 Bf5 27. e4 Be6 28. Bxe6 Qxe6 29. Qxe6 fxe6 30. Rf6 Kg7 31. Raf1 Raf8 32. Rxf8 Rxf8 33. Rxf8 Kxf8 34. Kf2 Kf7 35. Kf3 g5 36. Kg4 Kg6 37. d4 Kh6 38. a4 Kg6 39. Kh3 Kh5 40. g4+ Kg6 41. Kg3 1/2-1/2

[Event "SWE-chT 9596"]
[Site "Sweden"]
[Date "1996.??.??"]
[Round "?"]
[White "Larsson, Per"]
[Black "Schneider, Lars Ake"]
[Result "0-1"]
[WhiteElo "2350"]
[BlackElo "2400"]
[PlyCount "75"]
[EventDate "1995.??.??"]
[EventType "team"]
[EventRounds "9"]
[EventCountry "SWE"]
[SourceTitle "EXT 1998"]
[Source "ChessBase"]
[SourceDate "1997.11.17"]
[SourceVersion "1"]
[SourceVersionDate "1997.11.17"]
[SourceQuality "1"]

1. e4 c5 2. Nf3 Nc6 3. Bb5 e6 4. 0-0 Nge7 5. Re1 a6 6. Bxc6 Nxc6 7. d4 cxd4 8. Nxd4 d6 9. Nc3 g6 10. Be3 Bg7 11. Nxc6 bxc6 12. Qd2 0-0 13. Rad1 d5 14. Na4 Qc7 15. Bd4 e5 16. Bb6 Qb8 17. Bc5 Re8 18. Nb6 Bf8 19. Qa5 Qc7 20. Bxf8 Rxf8 21. Qc5 Ra7 22. exd5 cxd5 23. Rxd5 Be6 24. Rdxe5 Rb8 25. Na4 Qd7 26. Qa3 Rc7 27. Nc5 Qd4 28. Nxe6 fxe6 29. Qxa6 Rxc2 30. Qxe6+ Kg7 31. Qe7+ Kg8 32. Qf6 Rf8 33. Re8 Qxf6 34. Rxf8+ Kxf8 35. f3 Qd4+ 36. Kh1 Qf2 37. Rg1 Rxb2 38. h3 0-1